Score 0/20 Timer 05:00
3 Plays Today
% Correct
Teenage Mutant Ninja Turtles
93.5%
Two and a Half Men
91.7%
The Three Stooges
85.9%
That '70s Show
84%
Three's Company
76.1%
Taxi
73.5%
Thomas the Tank Engine & Friends
72.3%
The Twilight Zone
56.5%
Top Chef
55.8%
Tales from the Crypt
52.1%
% Correct
That's So Raven
48.7%
Top Cat
46.4%
T.J. Hooker
42.7%
Touched by an Angel
39.5%
Two Guys, a Girl and a Pizza Place
36.8%
Twin Peaks
35%
The Tudors
34.5%
True Blood
34.2%
That Girl
31.6%
Too Close for Comfort
15.1%
Remove Ads.
Support Sporcle.
Get the best of Sporcle when you Go Orange. This ad-free experience offers more features, more stats, and more fun while also helping to support Sporcle. Thank you for becoming a member.

You're not logged in!

Compare scores with friends on all Sporcle quizzes.
OR
Log In

Show Comments

Extras

Top Quizzes Today


Score Distribution

Your Account Isn't Verified!

In order to create a playlist on Sporcle, you need to verify the email address you used during registration. Go to your Sporcle Settings to finish the process.

Report this User

Report this user for behavior that violates our Community Guidelines.

Details: